<?xml version="1.0" encoding="UTF-8"?>
<collection xmlns="http://www.loc.gov/MARC21/slim">
  <record>
    <leader>00000nam  2200000   4500</leader>
    <controlfield tag="001">INLIS000000000008951</controlfield>
    <controlfield tag="005">20200708100454</controlfield>
    <datafield tag="035" ind1="#" ind2="#">
      <subfield code="a">0010-0720000042</subfield>
    </datafield>
    <controlfield tag="007">ta</controlfield>
    <controlfield tag="008">200708###########################0#ind##</controlfield>
    <datafield tag="082" ind1="#" ind2="#">
      <subfield code="a">320</subfield>
    </datafield>
    <datafield tag="084" ind1="#" ind2="#">
      <subfield code="a">320 Apt p</subfield>
    </datafield>
    <datafield tag="100" ind1=" " ind2="#">
      <subfield code="a">Apter, David E.</subfield>
    </datafield>
    <datafield tag="245" ind1="1" ind2="#">
      <subfield code="a">Pengantar Analisa Politik /</subfield>
      <subfield code="c">David E. Apter</subfield>
    </datafield>
    <datafield tag="250" ind1="#" ind2="#">
      <subfield code="a">Cet.3</subfield>
    </datafield>
    <datafield tag="260" ind1="#" ind2="#">
      <subfield code="a">Jakarta :</subfield>
      <subfield code="b">LP3ES,</subfield>
      <subfield code="c">1988</subfield>
    </datafield>
    <datafield tag="300" ind1="#" ind2="#">
      <subfield code="a">xiii, 528 hal. :</subfield>
      <subfield code="b">ilus ;</subfield>
      <subfield code="c">22 cm</subfield>
    </datafield>
    <datafield tag="650" ind1="#" ind2="#">
      <subfield code="a">1. Ilmu politik, 2. Sosial</subfield>
    </datafield>
    <datafield tag="520" ind1="#" ind2="#">
      <subfield code="a">Apabila tingkah laku masyarakat memang memiliki ciri, watak dan pola tertentu, dapatkah kemudian disusun rumusan baku sebagai cara untuk memahaminya? Sebagaimana ditunjukkan ke hadapan kita, paling tidak Ilmu Politik telah mencoba membuktikan bahwa peranyaan diatas harus dijawab dengan "ya". Bagaimanapun, ciri, watak, dan pola tersebut -- oleh karena canggihnya -- tidak memungkinkan kita untuk menylam suatu jaringan tunggal yang dapat mengangkat seluruh aspek tingkah laku masyarakat yang hidup,. Hasinya adalah sejumlah paham pendekatan yang masing-masig memiliki tekanan perhatian dan bidang kajian yang berbeda-beda dari masyarakat. David E. Apter mengngkapkan enam paham pendekatan dalam Ilmu Politik yang paling banyak dianut dewasa ini. Dengan menguraikan sejarah dan anggapa-anggapan dasar dari masing-masing paham serta bidang-bidang apa yang menjadi pokok perhatian dalam penerapan empirisnya, ia telah menjadikan buku ini sangat membantu siapa saja yang berhasrat untuk mempelajari Ilmu Politik.</subfield>
    </datafield>
    <datafield tag="856" ind1="#" ind2="#">
      <subfield code="a">Perpustakaan Lembaga Administrasi Negara</subfield>
    </datafield>
    <datafield tag="990" ind1="#" ind2="#">
      <subfield code="a">05049298</subfield>
    </datafield>
  </record>
</collection>
